000
00324 a2200169 4500
001
173387
020
_a
040
_c
Magnum
100
_a
França, Mary
240
1
0
_a
Surpresas!
_l
por
245
1
0
_a
Surpresas!
300
_a
12
362
0
_a
1995
440
1
_a
Ática
697
_a
LITERATURA INFANTIL
942
_c
BK
999
_c
173387
_d
173387